Statistics for Five Biggest Countries by Word in their Official Name

Click here to take the quiz!

General Stats

  • This quiz has been taken 324 times
    (272 since last reset)
  • The average score is 12 of 25

Answer Stats

WordCountry% Correct
DemocraticD.R. Congo
93%
Of, StateUnited States
91%
Republic, OfChina
85%
Commonwealth, OfAustralia
75%
Republic, OfIndia
73%
Republic, OfBrazil
70%
KingdomSaudi Arabia
66%
StateMexico
66%
RepublicArgentina
58%
CommonwealthNew Zealand
54%
KingdomSweden
53%
DemocraticAlgeria
50%
KingdomSpain
49%
RepublicKazakhstan
47%
KingdomThailand
43%
StateLibya
41%
KingdomMorocco
36%
DemocraticEthiopia
36%
StatePapua New Guinea
28%
StateBolivia
27%
DemocraticLaos
24%
DemocraticSri Lanka
15%
CommonwealthSolomon Islands
14%
CommonwealthHaiti
13%
CommonwealthBelize
11%

Score Distribution

Percentile by Number Answered

Percent of People with Each Score

Your Score History

You have not taken this quiz since the last reset